Normal view
MARC view
- Energy conservation.
Entry Topical Term
001 - CONTROL NUMBER
- control field: 3374
003 - CONTROL NUMBER IDENTIFIER
- control field: NUST
005 - DATE AND TIME OF LATEST TRANSACTION
- control field: 20170718132418.0
008 - FIXED-LENGTH DATA ELEMENTS
- fixed length control field: 170718|| aca||aabn | a|a d
040 ## - CATALOGING SOURCE
- Original cataloging agency: NUST
- Transcribing agency: NUST
150 ## - HEADING--TOPICAL TERM
- Topical term or geographic name entry element: Energy conservation.
670 ## - SOURCE DATA FOUND
- Source citation: Work cat.: (NUST)0: Hinrichs, Roger, 1941- 3371, Energy :, 2013.
